01141nam a2200301 i 450000500170000000700030001700800410002002000180006104000350007908200230011410000420013724500950017925000220027426400500029630000470034633600270039333700330042033800280045349000130048152100380049454500550053254600550058765000550064265000430069765000720074094200120081299900150082420220317002038.0ta201112s2018 ck a|||er|||| 00| 0dspa d a9789588249292 aCO-BoRNBPbspaerdacCO-BoRNBP04a385.2042b077u2221 aOrtiz Cassiani, Javier d1971-eautor10aUn diablo al que le llaman trenbel ferrocarril Cartagena - CalamarcJavier Ortiz Cassiani aPrimera edición aBogotá bFondo de Cultura Económicac2018 a207 páginasbfotografías, mapasc21 cm 2rdacontentatextobtxt 2rdamediaasin mediaciónbn 2rdacarrieravolumenbnc0 aHistoria aRecomendado para público adulto aIncluye datos biográficos del autor en la solapa aIncluye datos biográficos del autor en la solapa172LEMBaFerrocarril de Cartagena de IndiasxHistoria172LEMBaFerrocarril de CalamarxHistoria172LEMBaFerrocarrilesxAspectos socioeconómicosxHistoriazColombia 2ddccBK c9000d9000